Facticidad y razón en el Derecho: análisis crítico de la iusfilosofía contemporánea
Saved in:
| Hovedforfatter: | |
|---|---|
| Format: | Bog |
| Sprog: | spansk |
| Udgivet: |
Buenos Aires, Argentina
Marcial Pons
2015
|
| Serier: | Monografías Jurídicas
|
| Fag: | |
| Tags: |
Tilføj Tag
Ingen Tags, Vær først til at tagge denne postø!
|
MARC
| LEADER | 00000cam a2200000 a 4500 | ||
|---|---|---|---|
| 001 | UCE7718 | ||
| 003 | CL-VaPUC | ||
| 005 | 20211025122043.0 | ||
| 008 | 150703e20150000ag |||||||||||||||||spa|d | ||
| 999 | |c 359753 |d 359751 | ||
| 020 | |a 9789871775248 | ||
| 040 | |c Pontificia Universidad Católica de Valparaíso | ||
| 082 | 0 | 4 | |a 340.1 MAS 2015 |2 21 |
| 100 | |a Massini Correas, Carlos Ignacio |e autor |9 556253 | ||
| 245 | 1 | 0 | |a Facticidad y razón en el Derecho: |b análisis crítico de la iusfilosofía contemporánea |
| 260 | |a Buenos Aires, Argentina |b Marcial Pons |c 2015 | ||
| 300 | |a 213 páginas | ||
| 490 | 0 | |a Monografías Jurídicas | |
| 583 | |a last modification |c 20150703 10:05:00 |k Rodrigo Vera | ||
| 650 | 0 | |a Filosofía del derecho |9 255050 | |
| 650 | 0 | |a Historia del derecho |9 255109 | |
| 942 | |c BK |2 ddc | ||
| 945 | |d 20150703 10:05:00 |a dcastane | ||
| 952 | |0 0 |1 0 |2 ddc |3 erb |4 0 |6 340_100000000000000_MAS_2015 |7 0 |8 A |9 469288 |a BIBDER |b BIBDER |i 5168910 |o 340.1 MAS 2015 |p 5168910 |r 2023-01-25 |t 1 |w 2019-11-23 |y BK |z Catalogado en:20150703 |k DER | ||